1793 1721 1189 1096 1168 1206 1909 1515 1286 1416 1338 1877 1694 1164 1698 1748 1710 1941 1334 1453 1395 1187 1648 1948 1255 1491 1672 1048 1611 1163 1488 1801 1379 1097 1779 1214 1209 1477 1104 1792 1789 1953 1650 1828 1214 1570 1902 1901 1112 1994 1549 1064 1610 1615 1968 1072 1689 1217 1026 1599 1034 1943 1540 1216 1842 1544 1418 1148 1150 1741 1169 1874 1839 1196 1134 1105 1965 1105 1892 1156 1532 1123 1308 1977 1035 1575 1531 1062 1539 1235 1053 1843 1389 1522 1270 1014 1379 1752 1410 BCNSPRNW ULIB Ver.6.0+V

เปลี่ยนเป็นภาษาไทย

Change to English
 แสดงรายละเอียดบรรณานุกรม
  กลับหน้าหลัก

Brief Record : Get Marc (ISO 2709) : E-mail record : QR code < ปิดหน้าต่าง
LEADER : 00000nam 2200000uu 4500
001    13399111674
003     ULIB
008    110704s2553||||th 000 0 tha d
020    9786169020059
050  4 BQ4570^bว111ค 2553
100 0  ว.วชิรเมธี
245 10 คิดถูก โปร่งใส ใจสูง /^cว.วชิรเมธี
250    พิมพ์ครั้งที่ 1
260    กรุงเทพฯ :^bปราณ พับลิชชิ่ง,^c2553
300    146 หน้า :^bภาพประกอบ ;^c18 ซม.
650  4 ธรรมะกับชีวิตประจำวัน
650  4 การดำเนินชีวิต
945    ^p100^l0^i028422
945    ^p100^l0^i028421
995    ทศพร
999 ^a ใช้งานได้ทุกระบบ
รายการนี้ยังไม่มีแท็ก
คุณยังไม่ได้ล็อกอิน คุณสามารถมีกิจกรรมร่วมกับเว็บไซต์ได้ แต่ต้องล็อกอินก่อน ::
  ล็อกอิน

รายการสื่อสารสนเทศ

ลำดับที่ ประเภท เลขเรียก/บาร์โค้ด สถานที่ สถานะ
- ไม่พบข้อมูล -

รายการใกล้เคียง
    ผู้แต่ง [ว.วชิรเมธี]

    หัวเรื่อง [ธรรมะกับชีวิตประจำวัน]
    หัวเรื่อง [การดำเนินชีวิต]

BibComment


ยังไม่เคยถูกคอมเมนท์

คอมเมนท์ทรัพยากรรายการนี้
  คอมเมนท์: คิดถูก โปร่งใส ใจ..


 Copyright 2026. Bcnsprnw @Library